000
00262nam a2200121Ia 4500
008
190216s9999||||xx |||||||||||||| ||und||
100
_a
Vidya Krishna Ravath
245
0
_a
Hindi-Ayodhya
260
_b
B C Books
300
_a
114
650
_a
Hindi
942
_c
BK
999
_c
16354
_d
16354